Statistics for Best-Selling Books

Click here to take the quiz!

General Stats

  • This quiz has been taken 7 times
  • The average score is 1 of 10

Answer Stats

AuthorBook% Correct
John GreenThe Fault In Our Stars
86%
Michael KordaClouds Of Glory
14%
T.D. JakesInstinct
14%
Dr. SeussOh, The Places You'll Go
14%
Jj Smith10-Day Green Smoothie Cleanse
0%
Thomas PikettyCapital In The Twenty-First Century
0%
Cassandra ClareCity Of Heavenly Fire
0%
Debbie MacomberLove Letters
0%
Sue HitzmannThe MELT Method
0%
Johnathan BushWhere Does It Hurt?
0%

Score Distribution

Percentile by Number Answered

Percent of People with Each Score

Your Score History

You have not taken this quiz